00191nam a22000857a 4500040000900000100002200009245003700031250001200068260002500080 cSCME aDowling Norman E. aMechanical Behavior of materials a4th ed. aIndiabPearsonc2017